Loading...
| Literature - American | 0 | 6 | 2 | 0 | 50 | 48 | 83.00 | 1 | 6 | 19.56 | 45.00 |
| Literature - British | 0 | 5 | 0 | 0 | 50 | 76 | 90.20 | 1 | 4 | 10.32 | 31.79 |
| Literature - European | 0 | 5 | 1 | 0 | 45 | 64 | 86.60 | 0 | 5 | 12.22 | 32.62 |
| Fine Arts - Classical Music | 0 | 4 | 0 | 1 | 40 | 93 | 104.75 | 0 | 3 | 3.14 | 21.90 |
| Literature - World | 0 | 4 | 1 | 1 | 35 | 61 | 91.25 | 0 | 2 | 8.72 | 23.81 |
| Fine Arts - Other | 0 | 3 | 0 | 1 | 30 | 103 | 113.00 | 0 | 1 | 0.00 | 10.24 |
| History - American | 0 | 2 | 0 | 0 | 20 | 49 | 62.50 | 0 | 1 | 8.29 | 10.00 |
| History - Other | 0 | 2 | 0 | 1 | 20 | 82 | 92.50 | 0 | 1 | 2.55 | 9.52 |
| Social Science | 0 | 1 | 0 | 0 | 10 | 89 | 89.00 | 0 | 0 | 3.03 | 4.76 |
| History - World | 0 | 1 | 0 | 0 | 10 | 75 | 75.00 | 0 | 0 | 2.99 | 5.00 |
| Mythology | 0 | 1 | 0 | 0 | 10 | 72 | 72.00 | 0 | 1 | 3.08 | 1.67 |
| Popular Culture | 0 | 1 | 0 | 0 | 10 | 74 | 74.00 | 0 | 1 | 7.24 | 16.67 |
| Current Events | 0 | 1 | 0 | 1 | 10 | 109 | 109.00 | 0 | 0 | 0.00 | 3.33 |